[Event "MP do 16 lat - chlopcy"]
[Site "Sypniewo"]
[Date "2022.03.27"]
[Round "9.2"]
[White "Klimkowski, Jan"]
[Black "Kazmierowski, Tymon"]
[Result "1-0"]
[BlackElo "2032"]
[WhiteElo "2350"]
[LiveChessVersion "1.4.8"]

1. e4 {[%clk 1:30:59]} e5 {[%clk 1:30:54]} 2. Nf3 {[%clk 1:31:24]} Nc6
{[%clk 1:31:20]} 3. Bb5 {[%clk 1:31:33]} a6 {[%clk 1:31:43]} 4. Ba4
{[%clk 1:31:56]} Nf6 {[%clk 1:32:06]} 5. O-O {[%clk 1:32:11]} Be7
{[%clk 1:32:30]} 6. Re1 {[%clk 1:32:10]} d6 {[%clk 1:32:54]} 7. c3
{[%clk 1:31:39]} Bg4 {[%clk 1:33:14]} 8. h3 {[%clk 1:29:03]} Bh5 {[%clk 1:33:38]}
9. d3 {[%clk 1:29:32]} Qd7 {[%clk 1:33:53]} 10. Bg5 {[%clk 1:24:14]} h6
{[%clk 1:29:38]} 11. Bxf6 {[%clk 1:23:57]} Bxf6 {[%clk 1:29:52]} 12. Nbd2
{[%clk 1:24:17]} g5 {[%clk 1:28:30]} 13. Nf1 {[%clk 1:22:10]} g4 {[%clk 1:11:47]}
14. N3h2 {[%clk 1:20:45]} g3 {[%clk 1:04:02]} 15. Qxh5 {[%clk 1:20:52]} gxh2+
{[%clk 1:04:29]} 16. Nxh2 {[%clk 1:20:59]} O-O-O {[%clk 1:01:05]} 17. Ng4
{[%clk 1:19:30]} Bg5 {[%clk 0:57:48]} 18. Bb3 {[%clk 1:13:20]} Rdf8
{[%clk 0:45:04]} 19. h4 {[%clk 1:00:12]} Bd8 {[%clk 0:30:55]} 20. Ne3
{[%clk 0:58:35]} Na5 {[%clk 0:28:40]} 21. Bd1 {[%clk 0:58:51]} Kb8
{[%clk 0:28:28]} 22. Bg4 {[%clk 0:56:03]} Qe7 {[%clk 0:26:54]} 23. g3
{[%clk 0:55:24]} f6 {[%clk 0:25:42]} 24. b4 {[%clk 0:54:29]} Nc6 {[%clk 0:26:06]}
25. Qf5 {[%clk 0:53:43]} Na7 {[%clk 0:24:56]} 26. a4 Qh7 {[%clk 0:24:30]} 27. Qf3
{[%clk 0:50:43]} c6 {[%clk 0:22:22]} 28. Be6 {[%clk 0:50:38]} Bb6
{[%clk 0:21:35]} 29. Nf5 {[%clk 0:50:54]} Re8 {[%clk 0:21:17]} 30. Bb3
{[%clk 0:51:15]} Qd7 {[%clk 0:21:30]} 31. Reb1 {[%clk 0:48:35]} a5
{[%clk 0:20:31]} 32. Bc4 {[%clk 0:46:02]} Ka8 {[%clk 0:18:27]} 33. bxa5
{[%clk 0:44:40]} Bxa5 {[%clk 0:18:49]} 34. Rb3 {[%clk 0:45:07]} Nc8
{[%clk 0:18:21]} 35. Rab1 {[%clk 0:44:24]} b6 {[%clk 0:18:39]} 36. d4
{[%clk 0:43:21]} Ne7 {[%clk 0:15:43]} 37. Nxe7 {[%clk 0:41:53]} Qxe7
{[%clk 0:16:00]} 38. d5 {[%clk 0:42:14]} c5 {[%clk 0:15:22]} 39. Bb5
{[%clk 0:42:17]} Ref8 {[%clk 0:14:59]} 40. Bc6+ {[%clk 1:12:19]} Ka7
{[%clk 0:45:22]} 41. Rb5 {[%clk 1:10:39]} Rh7 {[%clk 0:44:51]} 42. Qf5
{[%clk 1:10:00]} Rg7 {[%clk 0:44:10]} 43. Kf1 {[%clk 1:10:13]} Qf7
{[%clk 0:43:55]} 44. Ke2 {[%clk 1:09:35]} Qg6 {[%clk 0:44:00]} 45. Qxg6
{[%clk 1:06:52]} Rxg6 {[%clk 0:44:22]} 46. Bd7 {[%clk 1:07:12]} Rg7
{[%clk 0:44:11]} 47. Bf5 {[%clk 1:07:38]} Ka6 {[%clk 0:43:52]} 48. Kd3
{[%clk 1:05:16]} Rfg8 {[%clk 0:42:25]} 49. Kc4 {[%clk 1:04:57]} Rf8
{[%clk 0:42:21]} 50. Re1 {[%clk 1:04:52]} Kb7 {[%clk 0:42:25]} 51. Re3
{[%clk 1:04:56]} Kc7 {[%clk 0:42:37]} 52. Rf3 {[%clk 1:04:40]} Kd8
{[%clk 0:42:18]} 53. Rb1 {[%clk 1:04:22]} Ke7 {[%clk 0:41:11]} 54. Be6
{[%clk 1:04:28]} Ra8 {[%clk 0:40:18]} 55. Rb2 {[%clk 0:59:00]} Rf8
{[%clk 0:39:08]} 56. Rf5 {[%clk 0:59:18]} Kd8 {[%clk 0:38:08]} 57. Rh5
{[%clk 0:59:37]} Rh8 {[%clk 0:38:13]} 58. g4 {[%clk 0:59:29]} Ke7
{[%clk 0:36:16]} 59. Rb1 {[%clk 0:59:14]} Rg6 {[%clk 0:33:00]} 60. Rh1
{[%clk 0:58:28]} Kd8 {[%clk 0:32:21]} 61. Rh3 {[%clk 0:57:18]} Rg7
{[%clk 0:30:59]} 62. Bf5 {[%clk 0:57:04]} Rgg8 {[%clk 0:31:09]} 63. Be6
{[%clk 0:56:53]} Rf8 {[%clk 0:29:55]} 64. Rf3 {[%clk 0:57:04]} Ke7
{[%clk 0:29:32]} 65. Rhf5 {[%clk 0:56:55]} 1-0

[Event "MP do 16 lat - chlopcy"]
[Site "Sypniewo"]
[Date "2022.03.27"]
[Round "9.3"]
[White "Fiszer, Bartosz"]
[Black "Karolczuk, Iwo"]
[Result "0-1"]
[BlackElo "2328"]
[WhiteElo "2226"]
[LiveChessVersion "1.4.8"]

1. e4 {[%clk 1:30:51]} c5 {[%clk 1:30:16]} 2. Nf3 {[%clk 1:31:18]} d6
{[%clk 1:30:35]} 3. d4 {[%clk 1:31:37]} cxd4 {[%clk 1:30:57]} 4. Nxd4
{[%clk 1:32:05]} Nf6 {[%clk 1:31:21]} 5. Nc3 {[%clk 1:32:20]} a6 {[%clk 1:31:47]}
6. a4 {[%clk 1:32:13]} g6 {[%clk 1:26:42]} 7. Be2 {[%clk 1:31:37]} Bg7
{[%clk 1:27:01]} 8. Be3 {[%clk 1:31:39]} O-O {[%clk 1:22:49]} 9. O-O
{[%clk 1:31:01]} Nc6 {[%clk 1:08:17]} 10. Nb3 {[%clk 1:29:05]} Be6
{[%clk 0:59:48]} 11. f4 {[%clk 1:26:44]} Rc8 {[%clk 0:58:25]} 12. Kh1
{[%clk 1:21:00]} Na5 {[%clk 0:46:12]} 13. e5 {[%clk 0:51:57]} Nd7
{[%clk 0:39:23]} 14. exd6 {[%clk 0:47:30]} Nxb3 {[%clk 0:35:32]} 15. cxb3
{[%clk 0:43:54]} exd6 {[%clk 0:32:39]} 16. Qxd6 {[%clk 0:41:42]} Rc6
{[%clk 0:29:16]} 17. Qd2 {[%clk 0:34:44]} Qe7 {[%clk 0:27:53]} 18. Bf3
{[%clk 0:34:20]} Rd6 {[%clk 0:20:04]} 19. Qf2 {[%clk 0:33:47]} Bxb3
{[%clk 0:18:41]} 20. Bxb7 {[%clk 0:32:39]} Re8 {[%clk 0:17:06]} 21. Rfe1
{[%clk 0:20:14]} Re6 {[%clk 0:16:09]} 22. Bd2 {[%clk 0:19:10]} Nc5
{[%clk 0:14:51]} 23. Rxe6 {[%clk 0:19:14]} Bxe6 {[%clk 0:15:06]} 24. Bc6
{[%clk 0:15:48]} Rd8 {[%clk 0:13:31]} 25. Bf3 {[%clk 0:10:55]} Nd3
{[%clk 0:13:22]} 26. Qe2 {[%clk 0:10:32]} Nxb2 {[%clk 0:12:17]} 27. Rb1
{[%clk 0:09:06]} Qa3 {[%clk 0:08:35]} 28. Ne4 {[%clk 0:08:04]} Qa2
{[%clk 0:07:28]} 29. Rc1 {[%clk 0:05:16]} Nd3 {[%clk 0:06:56]} 30. Rf1
{[%clk 0:05:04]} Qxa4 {[%clk 0:05:13]} 31. Bc3 {[%clk 0:01:37]} Nxf4
{[%clk 0:03:58]} 32. Qb2 {[%clk 0:01:11]} Qb5 {[%clk 0:03:31]} 33. Qa1
{[%clk 0:00:44]} Bxc3 {[%clk 0:03:09]} 34. Nxc3 {[%clk 0:01:08]} Qe5
{[%clk 0:03:02]} 35. g3 {[%clk 0:00:40]} Nd3 {[%clk 0:02:30]} 36. Ne4
{[%clk 0:00:37]} Qxa1 {[%clk 0:02:56]} 37. Rxa1 {[%clk 0:01:05]} Kg7
{[%clk 0:01:29]} 38. Rxa6 {[%clk 0:00:51]} Ne1 {[%clk 0:00:47]} 39. Ng5
{[%clk 0:00:39]} Nxf3 {[%clk 0:00:55]} 40. Nxf3 {[%clk 0:30:42]} Bd5
{[%clk 0:30:48]} 41. Ra3 {[%clk 0:27:07]} Ra8 {[%clk 0:29:10]} 42. Rd3
{[%clk 0:26:46]} Be4 {[%clk 0:29:23]} 43. Re3 {[%clk 0:26:30]} f5
{[%clk 0:29:27]} 44. h4 {[%clk 0:16:52]} Kf6 {[%clk 0:16:25]} 45. Kg1
{[%clk 0:13:32]} Ra1+ {[%clk 0:15:50]} 46. Kf2 {[%clk 0:13:41]} Ra2+
{[%clk 0:16:12]} 47. Kg1 {[%clk 0:13:29]} h6 {[%clk 0:15:21]} 48. Rb3
{[%clk 0:13:42]} f4 {[%clk 0:10:39]} 49. Rb4 {[%clk 0:02:53]} Kf5
{[%clk 0:09:44]} 50. Nd4+ {[%clk 0:02:38]} Kg4 {[%clk 0:09:12]} 51. gxf4
{[%clk 0:02:46]} Kxf4 {[%clk 0:08:54]} 52. h5 {[%clk 0:01:27]} g5
{[%clk 0:07:53]} 53. Kf1 {[%clk 0:00:39]} Bd3+ {[%clk 0:06:36]} 54. Kg1
{[%clk 0:00:32]} Kg3 {[%clk 0:06:34]} 55. Nb3 {[%clk 0:00:45]} Rb2
{[%clk 0:05:59]} 0-1

[Event "MP do 16 lat - chlopcy"]
[Site "Sypniewo"]
[Date "2022.03.27"]
[Round "9.4"]
[White "Chyzy, Jakub"]
[Black "Ciszewski, Krzysztof"]
[Result "1/2-1/2"]
[BlackElo "1939"]
[WhiteElo "2227"]
[LiveChessVersion "1.4.8"]

1. e4 {[%clk 1:29:54]} c5 {[%clk 1:30:54]} 2. Nf3 {[%clk 1:30:18]} d6
{[%clk 1:31:16]} 3. d4 {[%clk 1:30:45]} cxd4 {[%clk 1:31:41]} 4. Nxd4
{[%clk 1:31:11]} Nf6 {[%clk 1:32:01]} 5. Nc3 {[%clk 1:31:37]} a6 {[%clk 1:32:23]}
6. Qf3 {[%clk 1:32:03]} e5 {[%clk 1:30:23]} 7. Nf5 {[%clk 1:32:27]} Bxf5
{[%clk 1:28:08]} 8. exf5 {[%clk 1:31:58]} Qc7 {[%clk 1:22:32]} 9. Bg5
{[%clk 1:31:01]} Nbd7 {[%clk 1:22:07]} 10. Bd3 {[%clk 1:28:31]} Qc6
{[%clk 1:08:49]} 11. Bxf6 {[%clk 1:16:14]} Qxf3 {[%clk 1:04:01]} 12. gxf3
{[%clk 1:16:42]} Nxf6 {[%clk 1:04:06]} 13. Be4 {[%clk 1:17:00]} O-O-O
{[%clk 1:01:34]} 14. Nd5 {[%clk 1:17:21]} Nxd5 {[%clk 0:59:38]} 15. Bxd5
{[%clk 1:17:50]} Rd7 {[%clk 0:59:01]} 16. Ke2 {[%clk 1:13:27]} g6
{[%clk 0:58:34]} 17. f6 {[%clk 1:13:28]} Bh6 {[%clk 0:58:42]} 18. h4
{[%clk 1:13:52]} Bf4 {[%clk 0:49:27]} 19. a4 {[%clk 0:58:08]} h5 {[%clk 0:45:16]}
20. a5 {[%clk 0:58:08]} e4 {[%clk 0:35:53]} 21. fxe4 {[%clk 0:56:54]} Be5
{[%clk 0:36:08]} 22. Ra2 {[%clk 0:50:38]} Bxf6 {[%clk 0:36:10]} 23. f4
{[%clk 0:51:00]} Re8 {[%clk 0:35:18]} 24. b4 {[%clk 0:44:37]} Rc7
{[%clk 0:31:22]} 25. Rh3 {[%clk 0:37:19]} Bc3 {[%clk 0:28:13]} 26. Ra4
{[%clk 0:25:30]} f5 {[%clk 0:26:04]} 27. Kd3 {[%clk 0:25:15]} Bb2
{[%clk 0:22:43]} 28. c4 {[%clk 0:22:37]} Rce7 {[%clk 0:20:34]} 29. b5
{[%clk 0:10:25]} fxe4+ {[%clk 0:20:23]} 30. Ke2 {[%clk 0:10:47]} e3
{[%clk 0:15:51]} 31. bxa6 {[%clk 0:10:29]} bxa6 {[%clk 0:16:05]} 32. Rg3
{[%clk 0:09:14]} Rf8 {[%clk 0:13:02]} 33. Rb4 {[%clk 0:03:27]} Rxf4
{[%clk 0:12:30]} 34. Rxe3 {[%clk 0:03:41]} Rxe3+ {[%clk 0:12:38]} 35. Kxe3
{[%clk 0:04:10]} Bc1+ {[%clk 0:13:07]} 36. Ke2 {[%clk 0:04:19]} Rxh4
{[%clk 0:12:36]} 37. Rb6 {[%clk 0:04:38]} Ba3 {[%clk 0:08:30]} 38. Rxa6
{[%clk 0:04:41]} Bc5 {[%clk 0:08:22]} 39. Ra8+ {[%clk 0:04:53]} Kc7
{[%clk 0:08:26]} 40. Rg8 {[%clk 0:34:05]} Rh2+ {[%clk 0:37:49]} 1/2-1/2

[Event "MP do 16 lat - chlopcy"]
[Site "Sypniewo"]
[Date "2022.03.27"]
[Round "9.5"]
[White "Kolodziejski, Piotr"]
[Black "Wojdak, Jan"]
[Result "1-0"]
[BlackElo "2143"]
[WhiteElo "2115"]
[LiveChessVersion "1.4.8"]

1. e4 {[%clk 1:30:58]} e5 {[%clk 1:30:51]} 2. Nf3 {[%clk 1:31:21]} Nc6
{[%clk 1:31:17]} 3. Bb5 {[%clk 1:31:45]} Nf6 {[%clk 1:31:41]} 4. d3
{[%clk 1:32:08]} d6 {[%clk 1:32:07]} 5. O-O {[%clk 1:30:56]} a6 {[%clk 1:32:08]}
6. Bxc6+ {[%clk 1:31:06]} bxc6 {[%clk 1:32:33]} 7. h3 {[%clk 1:28:45]} Be7
{[%clk 1:30:40]} 8. Re1 {[%clk 1:28:21]} O-O {[%clk 1:26:03]} 9. Nbd2
{[%clk 1:27:29]} Re8 {[%clk 1:14:25]} 10. Nf1 {[%clk 1:26:23]} Bf8
{[%clk 1:12:53]} 11. Ng3 {[%clk 1:24:54]} g6 {[%clk 1:13:10]} 12. c3
{[%clk 1:21:24]} c5 {[%clk 1:08:14]} 13. Be3 {[%clk 1:16:20]} Bg7
{[%clk 1:08:39]} 14. Qd2 {[%clk 1:13:58]} Rb8 {[%clk 1:07:52]} 15. Rad1
{[%clk 1:11:14]} Bd7 {[%clk 1:03:41]} 16. b3 {[%clk 1:08:34]} Qc8
{[%clk 0:57:19]} 17. Bh6 {[%clk 1:04:59]} Qb7 {[%clk 0:54:12]} 18. Qg5
{[%clk 1:02:38]} Qc8 {[%clk 0:45:41]} 19. Nh4 {[%clk 0:59:54]} Bxh6
{[%clk 0:44:15]} 20. Qxh6 {[%clk 1:00:12]} Qd8 {[%clk 0:43:35]} 21. f4
{[%clk 0:48:37]} Kh8 {[%clk 0:40:37]} 22. Qg5 {[%clk 0:47:13]} Ng8
{[%clk 0:39:24]} 23. Qxd8 {[%clk 0:46:49]} Rbxd8 {[%clk 0:39:46]} 24. f5
{[%clk 0:41:08]} Kg7 {[%clk 0:37:06]} 25. Rf1 {[%clk 0:37:35]} f6
{[%clk 0:36:45]} 26. Ne2 {[%clk 0:35:35]} Ne7 {[%clk 0:27:00]} 27. g4
{[%clk 0:34:13]} g5 {[%clk 0:21:56]} 28. Nf3 {[%clk 0:34:04]} Nc8
{[%clk 0:19:10]} 29. Kf2 {[%clk 0:33:55]} Nb6 {[%clk 0:18:31]} 30. h4
{[%clk 0:33:15]} h6 {[%clk 0:18:57]} 31. Rh1 {[%clk 0:33:10]} d5 {[%clk 0:17:24]}
32. c4 {[%clk 0:29:54]} c6 {[%clk 0:14:06]} 33. Rh2 {[%clk 0:28:07]} d4
{[%clk 0:04:14]} 34. Rdh1 {[%clk 0:27:21]} Rh8 {[%clk 0:04:40]} 35. Ng3
{[%clk 0:25:42]} gxh4 {[%clk 0:02:55]} 36. Rxh4 {[%clk 0:25:19]} Rdf8
{[%clk 0:01:49]} 37. Nh5+ {[%clk 0:24:36]} Kf7 {[%clk 0:00:59]} 38. Nxf6
{[%clk 0:16:22]} Kxf6 {[%clk 0:01:23]} 39. Rxh6+ {[%clk 0:15:58]} Rxh6
{[%clk 0:01:49]} 40. Rxh6+ {[%clk 0:45:27]} Ke7 {[%clk 0:31:10]} 41. Nxe5
{[%clk 0:44:56]} Be8 {[%clk 0:30:27]} 42. Re6+ {[%clk 0:37:39]} Kd8
{[%clk 0:30:52]} 43. Kg3 {[%clk 0:36:43]} Nc8 {[%clk 0:29:37]} 44. Nxc6+
{[%clk 0:27:31]} Kc7 {[%clk 0:29:25]} 45. Ne7 {[%clk 0:27:12]} Bd7
{[%clk 0:26:23]} 46. Nd5+ {[%clk 0:27:13]} Kb7 {[%clk 0:25:17]} 47. Rh6
{[%clk 0:26:54]} Na7 {[%clk 0:22:31]} 48. Kf4 {[%clk 0:25:33]} Nc6
{[%clk 0:22:51]} 49. Rh7 {[%clk 0:24:34]} Rd8 {[%clk 0:23:17]} 50. g5
{[%clk 0:23:04]} Rh8 {[%clk 0:23:32]} 51. Rxh8 {[%clk 0:23:09]} Be8
{[%clk 0:23:59]} 52. Rxe8 {[%clk 0:23:29]} Nd8 {[%clk 0:24:27]} 53. Rxd8
{[%clk 0:23:51]} a5 {[%clk 0:24:54]} 54. Rd7+ {[%clk 0:24:13]} Ka6
{[%clk 0:25:21]} 55. g6 {[%clk 0:24:06]} a4 {[%clk 0:25:48]} 56. bxa4
{[%clk 0:24:24]} Ka5 {[%clk 0:26:15]} 57. Ra7# {[%clk 0:24:48]} 1-0

[Event "MP do 16 lat - chlopcy"]
[Site "Sypniewo"]
[Date "2022.03.27"]
[Round "9.6"]
[White "Janeczko, Jakub"]
[Black "Zalega, Maciej"]
[Result "0-1"]
[BlackElo "1994"]
[WhiteElo "2053"]
[LiveChessVersion "1.4.8"]

1. e4 {[%clk 1:28:13]} c5 {[%clk 1:30:57]} 2. Nf3 {[%clk 1:28:34]} d6
{[%clk 1:31:24]} 3. d4 {[%clk 1:28:48]} cxd4 {[%clk 1:31:51]} 4. Qxd4
{[%clk 1:29:07]} Nc6 {[%clk 1:29:38]} 5. Qe3 {[%clk 1:29:31]} g6 {[%clk 1:27:00]}
6. Be2 {[%clk 1:29:09]} Bg7 {[%clk 1:26:40]} 7. O-O {[%clk 1:29:24]} Nf6
{[%clk 1:25:45]} 8. h3 {[%clk 1:29:48]} O-O {[%clk 1:24:11]} 9. Rd1
{[%clk 1:29:39]} Qc7 {[%clk 1:20:29]} 10. Nc3 {[%clk 1:26:45]} a6
{[%clk 1:15:27]} 11. Rb1 {[%clk 1:09:49]} b5 {[%clk 1:02:59]} 12. b3
{[%clk 1:08:47]} Bb7 {[%clk 1:00:15]} 13. Bb2 {[%clk 1:09:10]} Nb4
{[%clk 0:54:42]} 14. Ne1 {[%clk 1:00:16]} Rac8 {[%clk 0:47:38]} 15. a3
{[%clk 0:59:14]} Nc6 {[%clk 0:47:41]} 16. Rd2 {[%clk 0:48:03]} Nb8
{[%clk 0:38:39]} 17. Nd3 {[%clk 0:31:28]} Nbd7 {[%clk 0:26:23]} 18. Nb4
{[%clk 0:28:02]} Qc5 {[%clk 0:18:40]} 19. Qf4 {[%clk 0:20:35]} Nh5
{[%clk 0:12:36]} 20. Bxh5 {[%clk 0:20:34]} Bxc3 {[%clk 0:13:03]} 21. Bxc3
{[%clk 0:20:57]} Qxc3 {[%clk 0:13:10]} 22. Bg4 {[%clk 0:19:00]} Rc7
{[%clk 0:10:30]} 23. Bxd7 {[%clk 0:16:12]} Rxd7 {[%clk 0:10:56]} 24. Re1
{[%clk 0:11:47]} Qb2 {[%clk 0:05:05]} 25. Nd5 {[%clk 0:05:31]} Bxd5
{[%clk 0:03:31]} 26. exd5 {[%clk 0:05:56]} Rc7 {[%clk 0:03:43]} 27. Rde2
{[%clk 0:04:15]} Rxc2 {[%clk 0:01:24]} 28. Rxe7 {[%clk 0:04:39]} Rd2
{[%clk 0:01:52]} 29. Rd7 {[%clk 0:01:31]} Rxd5 {[%clk 0:01:36]} 30. Rxd6
{[%clk 0:00:37]} Rf5 {[%clk 0:01:15]} 31. Qd4 {[%clk 0:00:32]} Qxa3
{[%clk 0:00:38]} 32. Rd8 {[%clk 0:00:51]} Rxd8 {[%clk 0:00:39]} 33. Qxd8+
{[%clk 0:01:19]} Kg7 {[%clk 0:01:08]} 34. Qd4+ {[%clk 0:01:10]} Rf6
{[%clk 0:01:18]} 35. Re3 {[%clk 0:00:45]} Qc1+ {[%clk 0:01:25]} 36. Kh2
{[%clk 0:00:56]} Qc7+ {[%clk 0:01:53]} 37. Kg1 {[%clk 0:01:10]} Qd6
{[%clk 0:02:20]} 38. Qc3 {[%clk 0:01:34]} b4 {[%clk 0:01:09]} 39. Qa1
{[%clk 0:01:07]} Kf8 {[%clk 0:01:03]} 40. Re4 {[%clk 0:30:38]} Re6
{[%clk 0:30:40]} 41. Rc4 {[%clk 0:23:23]} Ke7 {[%clk 0:23:47]} 42. Qc1
{[%clk 0:20:49]} Kd7 {[%clk 0:21:48]} 43. g3 {[%clk 0:19:06]} Re5
{[%clk 0:20:13]} 44. Qb2 {[%clk 0:14:43]} Rd5 {[%clk 0:20:02]} 45. Qh8
{[%clk 0:14:32]} Rd1+ {[%clk 0:12:06]} 46. Kh2 {[%clk 0:14:56]} Qd5
{[%clk 0:12:33]} 47. Qc8+ {[%clk 0:14:48]} Ke7 {[%clk 0:12:59]} 48. Rc7+
{[%clk 0:05:52]} Kf6 {[%clk 0:13:15]} 49. Qh8+ {[%clk 0:05:47]} Kg5
{[%clk 0:13:10]} 50. f4+ {[%clk 0:05:03]} Kf5 {[%clk 0:12:27]} 51. Rxf7+
{[%clk 0:00:39]} Ke4 {[%clk 0:12:56]} 52. Qe5+ {[%clk 0:00:31]} Qxe5
{[%clk 0:12:52]} 53. fxe5 {[%clk 0:00:56]} Rd2+ {[%clk 0:13:12]} 54. Kg1
{[%clk 0:01:19]} Kxe5 {[%clk 0:13:35]} 55. Rxh7 {[%clk 0:00:43]} a5
{[%clk 0:10:00]} 56. Re7+ {[%clk 0:00:32]} Kd4 {[%clk 0:08:21]} 57. Ra7
{[%clk 0:00:58]} Ra2 {[%clk 0:08:46]} 58. h4 {[%clk 0:01:15]} a4 {[%clk 0:09:02]}
59. bxa4 {[%clk 0:01:17]} b3 {[%clk 0:09:29]} 60. Rd7+ {[%clk 0:01:42]} Ke5
{[%clk 0:08:00]} 0-1

[Event "MP do 16 lat - chlopcy"]
[Site "Sypniewo"]
[Date "2022.03.27"]
[Round "9.7"]
[White "Zdybel, Przemyslaw"]
[Black "Myrmus, Mateusz"]
[Result "1-0"]
[BlackElo "1925"]
[WhiteElo "2008"]
[LiveChessVersion "1.4.8"]

1. e4 {[%clk 1:30:57]} c6 {[%clk 1:30:56]} 2. Nf3 {[%clk 1:31:09]} d5
{[%clk 1:31:21]} 3. Nc3 {[%clk 1:31:36]} Bg4 {[%clk 1:31:44]} 4. h3
{[%clk 1:32:02]} Bxf3 {[%clk 1:32:05]} 5. Qxf3 {[%clk 1:32:27]} e6
{[%clk 1:32:31]} 6. d3 {[%clk 1:32:32]} Nd7 {[%clk 1:32:56]} 7. Bd2
{[%clk 1:32:14]} Ngf6 {[%clk 1:33:18]} 8. g4 {[%clk 1:32:35]} g6 {[%clk 1:33:42]}
9. O-O-O {[%clk 1:29:51]} Bg7 {[%clk 1:21:40]} 10. Qe2 {[%clk 1:20:36]} d4
{[%clk 1:17:38]} 11. Nb1 {[%clk 1:21:00]} Qb6 12. h4 {[%clk 1:16:44]} h5
{[%clk 1:14:51]} 13. g5 {[%clk 1:15:51]} Ng8 {[%clk 1:12:19]} 14. f4
{[%clk 1:15:59]} O-O-O {[%clk 1:12:07]} 15. f5 {[%clk 1:13:18]} exf5
{[%clk 1:10:59]} 16. exf5 {[%clk 1:12:47]} gxf5 {[%clk 1:11:25]} 17. Bh3
{[%clk 0:45:25]} Qc5 {[%clk 1:11:47]} 18. Rde1 {[%clk 0:45:01]} Bf8
{[%clk 1:08:22]} 19. Rhf1 {[%clk 0:34:49]} Ne7 {[%clk 1:08:17]} 20. a3
{[%clk 0:31:49]} Qd5 {[%clk 1:07:11]} 21. Bb4 {[%clk 0:23:27]} c5
{[%clk 1:05:12]} 22. Ba5 {[%clk 0:23:48]} Nb6 {[%clk 1:04:14]} 23. Nd2
{[%clk 0:21:48]} Rd6 {[%clk 1:02:09]} 24. Bg2 {[%clk 0:14:44]} Qe6
{[%clk 0:59:14]} 25. Qf3 {[%clk 0:14:49]} Qd7 {[%clk 0:59:35]} 26. Bxb6
{[%clk 0:15:09]} Rxb6 {[%clk 0:59:22]} 27. Nc4 {[%clk 0:15:34]} Re6
{[%clk 0:59:07]} 28. Ne5 {[%clk 0:15:59]} Qc7 {[%clk 0:58:29]} 29. Nxf7
{[%clk 0:16:21]} Rxe1+ {[%clk 0:58:55]} 30. Rxe1 {[%clk 0:16:48]} Rh7
{[%clk 0:59:03]} 31. g6 {[%clk 0:06:30]} Rg7 {[%clk 0:58:59]} 32. Ng5
{[%clk 0:05:19]} Rxg6 {[%clk 0:57:21]} 33. Ne6 {[%clk 0:04:07]} Bh6+
{[%clk 0:55:28]} 34. Kb1 {[%clk 0:04:33]} Qc6 {[%clk 0:55:45]} 35. Qxc6+
{[%clk 0:03:44]} Nxc6 {[%clk 0:55:58]} 36. Bh3 {[%clk 0:02:27]} Be3
{[%clk 0:52:30]} 37. Bxf5 {[%clk 0:00:55]} Rg1 {[%clk 0:52:37]} 38. Nxd4+
{[%clk 0:00:54]} Kc7 {[%clk 0:52:14]} 39. Rxg1 {[%clk 0:00:46]} Bxg1
{[%clk 0:52:39]} 40. Nf3 {[%clk 0:30:40]} Bf2 {[%clk 1:23:02]} 41. c3
{[%clk 0:30:21]} Kd6 {[%clk 1:22:31]} 42. Be4 {[%clk 0:30:44]} Ne5
{[%clk 1:22:22]} 43. Nxe5 {[%clk 0:29:45]} Kxe5 {[%clk 1:22:48]} 44. Bxb7
{[%clk 0:29:59]} Kf4 {[%clk 1:23:13]} 45. Kc2 {[%clk 0:29:48]} Bxh4
{[%clk 1:23:37]} 46. Kb3 {[%clk 0:30:15]} Ke5 {[%clk 1:23:01]} 47. Bf3
{[%clk 0:30:36]} Kd6 {[%clk 1:23:04]} 48. Bxh5 {[%clk 0:30:56]} Bg5
{[%clk 1:23:21]} 49. Bf3 {[%clk 0:30:45]} Bc1 {[%clk 1:23:36]} 50. Bg2
{[%clk 0:31:12]} Kc7 {[%clk 1:23:32]} 51. Kc2 {[%clk 0:26:28]} Bf4
{[%clk 1:23:56]} 52. b4 {[%clk 0:26:39]} Kb6 {[%clk 1:23:50]} 53. bxc5+
{[%clk 0:26:31]} Kxc5 {[%clk 1:24:13]} 54. Kb3 {[%clk 0:26:47]} Bc1
{[%clk 1:24:26]} 55. a4 {[%clk 0:26:34]} a5 {[%clk 1:24:38]} 56. d4+
{[%clk 0:26:54]} Kd6 {[%clk 1:24:54]} 57. Kc4 {[%clk 0:27:17]} Bd2
{[%clk 1:25:08]} 58. Kd3 {[%clk 0:27:41]} Be1 {[%clk 1:25:34]} 59. c4
{[%clk 0:28:04]} Bf2 {[%clk 1:25:20]} 60. c5+ {[%clk 0:28:13]} Kc7
{[%clk 1:25:17]} 61. Kc4 {[%clk 0:27:45]} Bg1 {[%clk 1:25:39]} 62. d5
{[%clk 0:28:10]} Kd7 {[%clk 1:25:49]} 63. Bh3+ {[%clk 0:28:32]} Kc7
{[%clk 1:26:14]} 64. d6+ {[%clk 0:28:59]} Kc6 {[%clk 1:26:33]} 65. Bg2+
{[%clk 0:29:26]} Kd7 {[%clk 1:26:58]} 66. Kd5 {[%clk 0:29:52]} Kd8
{[%clk 1:26:52]} 67. c6 {[%clk 0:30:06]} Bb6 {[%clk 1:27:15]} 68. Bh3
{[%clk 0:30:12]} 1-0

[Event "MP do 16 lat - chlopcy"]
[Site "Sypniewo"]
[Date "2022.03.27"]
[Round "9.8"]
[White "Kutowski, Marcel"]
[Black "Madej, Marek"]
[Result "1-0"]
[BlackElo "2017"]
[WhiteElo "1914"]
[LiveChessVersion "1.4.8"]

1. e4 {[%clk 1:30:57]} e5 {[%clk 1:30:59]} 2. Nf3 {[%clk 1:31:16]} Nc6
{[%clk 1:31:26]} 3. Bb5 {[%clk 1:31:38]} a6 {[%clk 1:31:51]} 4. Ba4
{[%clk 1:32:05]} d6 {[%clk 1:32:16]} 5. Bxc6+ {[%clk 1:26:49]} bxc6
{[%clk 1:32:30]} 6. d4 {[%clk 1:27:14]} exd4 {[%clk 1:28:14]} 7. Nxd4
{[%clk 1:27:07]} c5 {[%clk 1:28:08]} 8. Nf3 {[%clk 1:26:30]} Bb7 {[%clk 1:17:49]}
9. Nc3 {[%clk 1:24:40]} Nf6 {[%clk 1:17:52]} 10. O-O {[%clk 1:23:30]} Be7
{[%clk 1:18:11]} 11. Re1 {[%clk 1:17:32]} Nd7 {[%clk 1:09:30]} 12. Nd5
{[%clk 1:12:35]} Bxd5 {[%clk 1:09:58]} 13. Qxd5 {[%clk 1:12:22]} O-O
{[%clk 1:04:04]} 14. Bf4 {[%clk 0:57:32]} Rb8 {[%clk 0:56:11]} 15. b3
{[%clk 0:54:57]} Nb6 {[%clk 0:47:43]} 16. Qd2 {[%clk 0:50:37]} Qd7
{[%clk 0:41:03]} 17. Rad1 {[%clk 0:46:35]} Rbd8 {[%clk 0:39:16]} 18. Bg3
{[%clk 0:31:55]} Qe6 {[%clk 0:37:21]} 19. a4 {[%clk 0:28:36]} Rfe8
{[%clk 0:29:37]} 20. Qe2 {[%clk 0:18:13]} a5 {[%clk 0:22:06]} 21. Qb5
{[%clk 0:18:13]} Ra8 {[%clk 0:19:22]} 22. Qc6 {[%clk 0:17:39]} Rec8
{[%clk 0:16:13]} 23. h3 {[%clk 0:09:54]} Bf8 {[%clk 0:16:29]} 24. Qb5
{[%clk 0:08:37]} h6 {[%clk 0:14:47]} 25. Qe2 {[%clk 0:08:02]} g6 {[%clk 0:12:48]}
26. Qd2 {[%clk 0:07:19]} Bg7 {[%clk 0:11:32]} 27. Qe3 {[%clk 0:04:37]} Bf8
{[%clk 0:11:09]} 28. h4 {[%clk 0:04:32]} Re8 {[%clk 0:09:39]} 29. Bf4
{[%clk 0:04:18]} Kh7 {[%clk 0:05:25]} 30. c4 {[%clk 0:03:35]} f6 {[%clk 0:04:59]}
31. Qc3 {[%clk 0:02:53]} Bg7 {[%clk 0:04:50]} 32. Bg3 {[%clk 0:02:22]} Nd7
{[%clk 0:04:01]} 33. Qc2 {[%clk 0:02:20]} Re7 {[%clk 0:04:19]} 34. h5
{[%clk 0:02:22]} Ne5 {[%clk 0:03:12]} 35. hxg6+ {[%clk 0:02:38]} Nxg6
{[%clk 0:03:25]} 36. Re3 {[%clk 0:02:08]} Qg4 {[%clk 0:02:43]} 37. Nh2
{[%clk 0:01:20]} Qh5 {[%clk 0:02:06]} 38. Rd5 {[%clk 0:01:34]} Ne5
{[%clk 0:00:58]} 39. f4 {[%clk 0:01:50]} c6 {[%clk 0:00:51]} 40. Rxd6
{[%clk 0:31:42]} Ng4 {[%clk 0:31:05]} 41. Qd1 {[%clk 0:26:25]} f5
{[%clk 0:25:30]} 42. Nxg4 {[%clk 0:26:28]} fxg4 {[%clk 0:25:07]} 43. e5
{[%clk 0:26:19]} Rf8 {[%clk 0:23:20]} 44. Qd3+ {[%clk 0:25:38]} Rf5
{[%clk 0:23:47]} 45. Rxc6 {[%clk 0:24:54]} Re8 {[%clk 0:21:45]} 46. Rxc5
{[%clk 0:24:18]} Kh8 {[%clk 0:22:07]} 47. Rd5 {[%clk 0:24:02]} Ref8
{[%clk 0:20:26]} 48. Re4 {[%clk 0:22:38]} Qf7 {[%clk 0:20:30]} 49. e6
{[%clk 0:18:38]} Rxd5 {[%clk 0:20:32]} 50. cxd5 {[%clk 0:17:58]} Qf5
{[%clk 0:20:22]} 51. e7 {[%clk 0:17:57]} Re8 {[%clk 0:20:49]} 52. d6
{[%clk 0:18:01]} 1-0